Reshaping Business And Management Practices In The Diiltal Era (Record no. 213345)

MARC details
000 -LEADER
fixed length control field 00722nam a22002297a 4500
005 - DATE AND TIME OF LATEST TRANSACTION
control field 20250904144745.0
010 ## - LCCN (DPL NO)
LC control number ENG-146645
020 ## - INTERNATIONAL STANDARD BOOK NUMBER
International Standard Book Number 9788175102804
Terms of availability 500
035 ## - SYSTEM CONTROL NUMBER
System control number EN 130176
037 ## - SOURCE OF ACQUISITION
Source of stock number/acquisition DBAD
082 ## - DEWEY DECIMAL CLASSIFICATION NUMBER
Classification number 371.425
100 ## - MAIN ENTRY--PERSONAL NAME
Personal name Mathur, Dipin
245 ## - TITLE STATEMENT
Title Reshaping Business And Management Practices In The Diiltal Era
Statement of responsibility, etc Dipin Mathur ... [Et.al]
260 ## - PUBLICATION, DISTRIBUTION, ETC. (IMPRINT)
Place of publication, distribution, etc New Delhi
Name of publisher, distributor, etc Reliance Books
Date of publication, distribution, etc 2024
270 ## - ADDRESS
Address 6/1 South Patel Nagar,
City New Delhi
Postal code 110053
300 ## - PHYSICAL DESCRIPTION
Extent 170p.
Dimensions 24cm(hb)
700 ## - ADDED ENTRY--PERSONAL NAME
Personal name Mathur, Dipin
9 (RLIN) 84780
700 ## - ADDED ENTRY--PERSONAL NAME
Personal name Mehta, Pallavi
9 (RLIN) 84781
700 ## - ADDED ENTRY--PERSONAL NAME
Personal name Shakdwipee, Pushpkant
9 (RLIN) 84782
700 ## - ADDED ENTRY--PERSONAL NAME
Personal name Chawda, Narendra
9 (RLIN) 84783
942 ## - ADDED ENTRY ELEMENTS (KOHA)
Source of classification or shelving scheme Dewey Decimal Classification
Item type English Books
Classification part 371.425
Call number suffix MAT
Holdings
Withdrawn status Lost status Not for loan Collection code Home library Current library Date acquired Source of acquisition Cost, normal purchase price Full call number Barcode Copy number Cost, replacement price Koha item type
      Non-fiction Mobile Library Mobile Library 04/09/2025 DBAD 500.00 371.425 MAT EN-130176 1 500.00 English Books

© Delhi Public Library
Hit Counter
free hit counter